000 00923nas a2200325 4500
001 BR0103768
003 BR-BrBNA
005 20231205102349.0
007 ta
008 230509b bl.|||p| |||| 00| 00por d
040 _aBR-BrBNA
_bpor
_cBiblioteca Nacional de Agricultura
041 _a(Pt)
072 _aL70
100 1 _aGueiros, V.A.
100 1 _aBorges, A.P.B.
100 1 _aSilva, J.C.P.
100 1 _aDuarte, T.S.
100 1 _aFranco, K.L.
245 1 _aUtilizacao do adesivo metil-2-cianoacrilato e fio de nailon na reparacao de feridas cutaneas de caes e gatos
650 _aCao
650 _aGato
650 _aLesao
650 _aCirurgia
650 _aCicatrizacao
650 _aAdesivo
650 _aVeterinaria
773 0 _tCiencia Rural (Brazil)
_xISSN 0103-8478
_g(Mar-Apr 2001), v. 31(2) p. 285-289
_wBR0103768
909 _a202311
_bLúcia
_c55
_dLúcia Elande
942 _2AGRIS
_n0
_cANA
999 _c167194
_d167194